| 000 -LEADER | |
|---|---|
| fixed length control field | 00340nam a22001457a 4500 |
| 005 - DATE AND TIME OF LATEST TRANSACTION | |
| control field | 20160430115244.0 |
| 008 - FIXED-LENGTH DATA ELEMENTS--GENERAL INFORMATION | |
| fixed length control field | 160430b xxu||||| |||| 00| 0 eng d |
| 041 ## - LANGUAGE CODE | |
| Language code of text/sound track or separate title | eng |
| 082 ## - DEWEY DECIMAL CLASSIFICATION NUMBER | |
| Item number | 1050 |
| 100 ## - MAIN ENTRY--AUTHOR NAME | |
| Personal name | Punjab Technical Institute. |
| 245 ## - TITLE STATEMENT | |
| Title | quantative techniques MBA 104 |
| 300 ## - PHYSICAL DESCRIPTION | |
| Number of Pages | 273 |
| 650 ## - SUBJECT ADDED ENTRY--TOPICAL TERM | |
| Topical Term | Management |
| 942 ## - ADDED ENTRY ELEMENTS (KOHA) | |
| Koha item type | Books |
| Lost status | Damaged status | Home library | Date acquired | Full call number | Accession Number | Koha item type |
|---|---|---|---|---|---|---|
| JRU Library | 30/04/2016 | 1050 | 1050 | Books | ||
| JRU Library | 30/04/2016 | 1050 | 1051 | Books | ||
| JRU Library | 30/04/2016 | 1050 | 1052 | Books | ||
| JRU Library | 30/04/2016 | 1050 | 1053 | Books |